000 00791nam a22002297a 4500
003 BUBTL
008 231127b ||||| |||| 00| 0 eng d
041 _aeng
082 _a340/ C4595f/ c1986
100 _aChowdhury, Alimuzzaman
_95598
245 _aThe Family Courts Ordinance, 1985/
_bOrdinance No.VIII of 1985 and Allied Laws with Guardians and Wards Act, 1890 and Laws on Succession Certificates
_c Alimuzzaman Chowdhury
250 _aIst ed.
260 _aDhaka :
_bNew Warsi Book Corporation,
_cc1986
300 _a272 p.
_c23 cm.
500 _aInclude Index
505 _aThe Family Courts Ordinance, 1985, Alimuzzaman Chowdhury, Child Law
526 _aLaw
650 0 _95597
_aChild Law
856 _k0
_l0
_yDownload
942 _2ddc
_cBK
999 _c7159
_d7159